Statistics for Administrasjonssentre i de norske fylkene

Click here to take the quiz!

General Stats

  • This quiz has been taken 57 times
    (19 since last reset)
  • The average score is 16 of 18

Answer Stats

FylkeBy% Correct
TromsTromsø
100%
HordalandBergen
100%
NordlandBodø
100%
Akershus | OsloOslo
100%
RogalandStavanger
100%
ØstfoldSarpsborg
94%
BuskerudDrammen
94%
Møre og RomsdalMolde
94%
Vest-AgderKristiansand
94%
HedmarkHamar
88%
VestfoldTønsberg
82%
Aust-AgderArendal
82%
TelemarkSkien
82%
OpplandLillehammer
82%
TrøndelagSteinkjer
76%
FinnmarkVadsø
65%
Sogn og FjordaneLeikanger
53%

Score Distribution

Percentile by Number Answered

Percent of People with Each Score

Your Score History

You have not taken this quiz since the last reset